000 01051nam a2200265 i 4500
001 15178
003 ES-MaACL
005 20230906151017.0
007 t|
008 000114s1999 sp ||||1| spa d
020 _a84-88006-52-7
080 _a77(450)"19"(064.3)
245 0 3 _aEl neorrealismo en la fotografía italiana :
_b[exposición].
260 _a[Madrid :
_bCentro Cultural del Conde Duque,
_c1999]
300 _a[132] p. :
_bfot. ;
_c27 cm.
585 _aPubl. con motivo de la exposición organizada por La Fábrica, con el patrocinio del Instituto Italiano de Cultura, y celebrada en el Centro Cultural del Conde Duque del 18 de junio al 29 de agosto de 1999.
650 4 _aFotografía-
_zItalia-
_vExposiciones.
_912956
650 4 _aNeorrealismo (Fotografía)
_9173404
650 4 _aFotografía-
_yS.XX-
_vExposiciones.
_9173150
655 7 _2tgfbne
_9193628
_aCatálogos de exposiciones
710 2 _aCentro Cultural del Conde Duque.
_92579
852 _aES-MaACL
_jL-22377
942 _2udc
999 _c15178
_d15178